000 00299nam a22001337a 4500
008 180223b xxu||||| |||| 00| 0 eng d
020 _a0394582489
041 _aeng
080 _a61
100 _a3
101 _aSHM
245 _aThe american medical association
_cClayman,Ch,B
942 _2udc
_cBK
999 _c43319
_d43319